Διεθνείς οικονομικές σχέσεις : διεθνές εμπόριο

Αποθηκεύτηκε σε:
Λεπτομέρειες βιβλιογραφικής εγγραφής
Κύριοι συγγραφείς: Αγιομυργιανάκης, Γ.Μ, Βλάσσης, Μ. (Συγγραφέας), Thompson, Henry, 1947- (Συγγραφέας)
Άλλοι συγγραφείς: Πασχάλη, Μαριάννα (edtf)
Μορφή: Βιβλίο
Γλώσσα:Greek
Δημοσίευση: Αθήνα : Rossili, c2006.
Θέματα:
Ετικέτες: Προσθήκη ετικέτας
Δεν υπάρχουν, Καταχωρήστε ετικέτα πρώτοι!

MARC

LEADER 00000cam a2200000 i 4500
001 1/4990
008 100226s2006 gr ||| ||gre||
020 |a 9607745167   |q (χαρτόδετο) 
035 |l 10107007 
040 |a GR-MY-UA  |b gre  |e aacr 
041 0 |a gre 
082 0 |a 337  |2 (22) 
100 1 |a Αγιομυργιανάκης, Γ.Μ. 
245 1 0 |a Διεθνείς οικονομικές σχέσεις :   |b διεθνές εμπόριο /   |c Γ.Μ. Αγιομυργιαννάκης; Μ. Βλάσσης; H. Thompson ; επιμέλεια: Μαριάννα Πασχάλη.  
246 3 4 |a Διεθνές εμπόριο ;   |b διεθνείς οικονομικές σχέσεις.  
260 |a Αθήνα :   |b Rossili,   |c c2006.  
300 |a 385 σ. :   |b διαγ., πίν. ;   |c 24 εκ.  
504 |a Περιλαμβάνει βιβλιογραφικές παραπομπές.  
650 0 0 |a International economic relations. 
650 0 0 |a Commerce. 
700 1 |a Βλάσσης, Μ.  |e aut 
700 1 |a Thompson, Henry,   |d 1947-  |e aut 
700 1 |a Πασχάλη, Μαριάννα,  |e edtf 
852 |a INST  |b CHIOS  |e 20100226  |h 337 ΑΓΙ  |p 005200029565  |q 005200029565  |t BK  |y 0 
852 |a INST  |b CHIOS  |e 20100226  |h 337 ΑΓΙ  |p 005200029566  |q 005200029566  |t BK  |y 0 
852 |a INST  |b CHIOS  |c EUDOXUS  |e 20130403  |h 337 ΑΓΙ  |p 005200034210  |q 005200034210  |t EDX  |y 0 
852 |a INST  |b RHODES  |c EUDOXUS  |e 20160524  |h 337 ΑΓΙ  |p 005400038467  |q 005400038467  |t EDX  |y 0 
901 |a BIBL2-2010-1 
901 |a BIBL2-2013-1 
909 |a Χ  |b 148095 
909 |a Χ  |b 148096 
909 |a Χ  |b 175378 
920 |a Εύδοξος  |b Παραγγελία  |y Ρόδος-ΤΜΣ  |z 2016-04 
920 |a Εύδοξος  |b Παραγγελία  |y Χίος-ΤΔΕ  |z 2013-02 
970 |a ΣΑΛΑΜΟΥΡΑ  |b ΜΑΡΙΑ  |z 2010/02/26